| 000 | 00439nam a22001577a 4500 | ||
|---|---|---|---|
| 003 | CEME | ||
| 005 | 20210628203530.0 | ||
| 008 | 210317b xxu||||| |||| 00| 0 eng d | ||
| 040 | _c. | ||
| 082 | _a621.391 TMS'T | ||
| 100 |
_aTexas Instruments _962936 |
||
| 245 | _aTms 320 c4x user guide , digital signal processing | ||
| 260 |
_aUSA _bTEXAS INSTRUMENTS _c1991 |
||
| 650 |
_aDIGITAL SIGNAL PROCESSING PRODUCTS _966075 |
||
| 942 |
_cBK _2ddc |
||
| 999 |
_c574109 _d574109 |
||